000 00695nam a2200193Ia 4500
008 151121s9999||||xx |||||||||||||| ||und||
082 _a813/चांदोर
082 _bHNW-118052
100 _aचांदोरकर स्वाती
245 _aफॉरवर्ड ऍड डिलिट
260 _b"मेहता पब्लिशिंग हाऊस, पुणे।"
260 _c2014
300 _a164
600 _aचांदोरकर स्वाती
630 _aफॉरवर्ड ऍड डिलिट
700 _aचांदोरकर स्वाती
730 _aफॉरवर्ड ऍड डिलिट
942 _cBOOK
999 _c1265604
_d1265601